"A Malina Hedvig-ügy már rég arról szól, mit engedünkmeg mi, szlovákok a hatalomnak" Roman Kvasnica azt mondja, hogy a sértett jogi képviselőjének kellene lennie, ehelyett még mindig a vádlott ügyvédje

Bibliographic Details
Main Author: Kvasnica, Roman, 1962- (Author)
Format: Article
Language:Hungarian
PhysicalDescription:Fotogr.
ISSN:1335-7050
Subjects:

MARC

LEADER 00000nab a2200000 ar4500
001 vtls009335746
003 SK-MaSNL
005 20260319070945.0
008 080919c20080823xo |||||||| 000 b|hun
015 |a SNBRB2008/09  |2 snkbucl 
038 |a SNKBUCL 
040 |a DSZK  |b slo  |c DSZK  |e AACR2 
041 0 |a hun 
044 |a xo  |c SK 
080 |a 343.434:347.91  |2 1997 
080 |a 347.91  |2 1997 
245 0 0 |a "A Malina Hedvig-ügy már rég arról szól, mit engedünkmeg mi, szlovákok a hatalomnak"  |b Roman Kvasnica azt mondja, hogy a sértett jogi képviselőjének kellene lennie, ehelyett még mindig a vádlott ügyvédje  |c [beszélgetett] Vrabec Mária 
300 |b Fotogr. 
600 1 7 |a Kvasnica, Roman,  |d 1962-  |x prípad Hedviga Malinová  |2 snkbucl  |9 1037175 
600 1 7 |a Malinová, Hedviga,  |d 1983-  |2 snkbucl  |9 117775 
700 1 |a Kvasnica, Roman,  |d 1962-  |4 ive  |4 aut  |9 104496 
773 0 |t Új szó  |g Évf. 61, sz. 197 (23.8.2008), o. 10  |x 1335-7050 
852 |a SNK  |b KIS3GCP 
852 |a DSZK  |b KIS3GCP 
958 |a HU 
958 |a SK 
999 |c 1729571  |d 1731501